| 000 | 00566nam a22001937a 4500 | ||
|---|---|---|---|
| 005 | 20141013113501.0 | ||
| 010 | _aENG-110945 | ||
| 020 |
_a9788178441436 _c1295.00 |
||
| 035 | _aEN-94477 | ||
| 037 | _bDBAD/PUB | ||
| 082 | _a609 | ||
| 100 | _aHegde, P.D. | ||
| 245 |
_aA brief history of great inventions / _cby P.D. Hegde |
||
| 260 |
_aNew Delhi _bK. K. Publications _c2014 |
||
| 270 |
_a4806/24, Bharat Ram Road, Daryaganj _bNew Delhi _e110002 |
||
| 300 |
_a440p. : _c24cm(Hb) _bill. |
||
| 500 | _aIncludes index | ||
| 942 |
_2ddc _cEN _mHEG _h609 |
||
| 999 |
_c88970 _d88970 |
||